000
00263 a2200109 4500
020
_a
9780545025836
041
_a
spa
100
_a
Pilkey, Dav
245
_a
Capitan Calzoncillos y la redicula historia de los seres del inodoro morado
942
_c
BK
952
_7
-1
999
_c
22364
_d
22364